000 00697nam a22002177a 4500
003 OSt
005 20260224002842.0
008 260224b |||||||| |||| 00| 0 eng d
020 _a978-1-59339-394-6 volume
040 _aDWCL-Main Lib
_cOC
082 _aGR. 580 B862 2008
110 _aENCYLOPAEDIA BRITANICA
_eCorporate Author
245 _aBritanica illustrated science library : plants, algae and fungi /
260 _aChicago :
_bEncylopaedia Britanica,
_cc2008
300 _a101 p. :
_b ill. ( col. )
_c27 cm.
504 _a1. Includes glossary and index.
650 _aAlgae - microorganism.
650 _aFungal - Molecular biology.
650 _aPlants.
942 _2ddc
_cGR
_mGR.
_n0
999 _c8509
_d8509